| 000 | 00537nam a2200181Ia 4500 | ||
|---|---|---|---|
| 001 | 23694 | ||
| 005 | 20260414150954.0 | ||
| 008 | 260414t2003||||xx |||||||||||||| ||spa|| | ||
| 041 | _aESP | ||
| 082 |
_a690.22 _bM41A |
||
| 100 |
_aMelkumyan, Mikayel _eAUT |
||
| 245 | 0 |
_a8th world seminar on seismic isolation, energy dissipation and active vibration control of structures : _bYerevan, Armenia, October 6-10, 2003 |
|
| 260 | _c2003 | ||
| 300 |
_a721 páginas : _c24 cm. |
||
| 650 | _a0 | ||
| 654 | _aCIC | ||
| 942 |
_cLIB _dJUS _fJUS _2ddc _n |
||
| 999 |
_c23694 _d23694 |
||